000 00391nam a22001577a 4500
005 20161022152335.0
008 161022b xxu||||| |||| 00| 0 eng d
020 _a978-81-8361-258-6
041 _aeng
100 _aRAJGADHIYA,VISHNU
_93633
245 _aJANSANCHAR SIDHANT AUR ANUPRAYOG
260 _bRADHA KRISHANAN
300 _a151
650 _aMASS COM@JOURNALISM
_93635
942 _cBK
999 _c5286
_d5284